Reactions in the solid state (Record no. 35407)

MARC details
000 -LEADER
fixed length control field 00301nam a2200121Ia 4500
082 ## - DEWEY DECIMAL CLASSIFICATION NUMBER
Classification number 54-16
Item number BAM
245 #0 - TITLE STATEMENT
Title Reactions in the solid state
260 ## - PUBLICATION, DISTRIBUTION, ETC. (IMPRINT)
Place of publication Amsterdam
Name of publisher Elsevier
Year of publication 1980
700 ## - ADDED ENTRY--PERSONAL NAME
Personal name Bamford, C H
700 ## - ADDED ENTRY--PERSONAL NAME
Personal name Tipper, C F H
942 ## - ADDED ENTRY ELEMENTS (KOHA)
Koha item type Books
Holdings
Withdrawn status Lost status Damaged status Not for loan Home library Current library Date acquired Cost, normal purchase price Full call number Accession Number Koha item type
        RRII Library RRII Library 16/12/2021 220.00 54-16 BAM 15832 Books